Statistics for Biggest Cities in the Middle East - Extreme

Click here to take the quiz!

General Stats

  • This quiz has been taken 1,956 times
    (1,639 since last reset)
  • The average score is 33 of 66

Answer Stats

PopulationCountryCity% Correct
14,669,958Istanbul
99%
6,719,500Baghdad
98%
8,693,706Tehran
98%
4,875,803Ankara
97%
9,293,612Cairo
97%
5,188,286Riyadh
96%
2,401,067Dubai
95%
2,606,472Tel-Aviv
95%
5,107,530Alexandria
94%
1,414,913Damascus
93%
901,302Jerusalem
93%
1,202,756Abu Dhabi
91%
1,650,000Beirut
91%
3,430,697Jeddah
90%
1,534,731Mecca
90%
1,812,059Amman
89%
587,055Doha
86%
2,931,414Izmir
84%
2,132,100Aleppo
83%
1,707,531Sanaa
82%
1,100,093Medina
79%
1,194,204Antalya
67%
1,961,260Isfahan
66%
610,028Haifa
64%
1,361,800Mosul
64%
1,340,800Basra
63%
3,001,184Mashhad
57%
631,215Gaza
56%
4,212,750Giza
56%
1,925,900Bursa
55%
1,565,572Shiraz
53%
903,312Dammam
51%
760,152Port Said
50%
1,201,158Qom
50%
588,938Aden
48%
1,626,415Gaziantep
48%
1,558,693Tabriz
48%
879,000Erbil
47%
1,715,226Adana
46%
740,874Suez
44%
1,268,915Konya
41%
1,274,749Sharjah
36%
652,609Homs
35%
972,300Kirkuk
28%
974,091Mersin
27%
929,712Keyseri
23%
1,010,032Diyarbakir
22%
595,373Samsun
21%
1,184,788Ahvaz
20%
746,536Eskisehir
17%
946,651Bakhtaran
12%
1,592,492Karaj
12%
747,300Najaf
11%
635,160Zarqa
11%
589,531Ar-Rayyan
10%
676,500Sulaymaniyah
9%
611,158Denizli
8%
711,500Karbala
8%
679,995Rasht
7%
686,813Gebze
6%
736,224Urmia
5%
587,730Zahedan
5%
957,090Hawalli
4%
660,788Hofuf
3%
1,187,747Shubra el-Kheima
3%
892,915Farwaniya
1%

Score Distribution

Percentile by Number Answered

Percent of People with Each Score

Your Score History

You have not taken this quiz since the last reset